000 00188nam a2200085Ia 4500
008 180219s9999 xx 000 0 und d
100 _aSharma R C
245 0 _aModern Scince Teaching
260 _aDhanp
260 _c2010
999 _c41845
_d41845